000 nam a22 a 4500
999 _c2076
_d2076
003 AKMAL
005 20170515110642.0
008 170515s2005 my | e | 001 0 may d
020 _a9676116939 (kkt.) :
_cRM18.00
040 _aAKMAL
_cAKMAL
082 0 4 _a361.06088297 MOH
090 0 0 _a361.06088297
_bMOH
100 0 _aMohd. Nasir Omar
_91845
245 1 0 _aAkhlak dan kaunseling Islam /
_cMohd. Nasir Omar
260 _aKuala Lumpur :
_bUtusan Publications & Distributors,
_c2005
300 _a235ms. ;
_c22cm.
440 0 _aSiri Islam dan masyarakat
_94280
500 _aMengandungi indeks
504 _aBibliografi : ms. 195-223
650 1 0 _aCounseling
_xReligious aspects
_xIslam
_91920
942 _2ddc
_cBOOK